| 000 | 00327nam a22001337a 4500 | ||
|---|---|---|---|
| 020 | _qPB. | ||
| 040 | _cFIZZA ISHAQ | ||
| 082 |
_a004.165 _bFRE |
||
| 100 |
_aCADY M.FREDRICK. _989359 |
||
| 245 |
_aSOFTWARE AND HARDWARE ENGINEERING / _cFREDRICK M.CADY. |
||
| 260 |
_aNEW YORK ; _c1997. |
||
| 300 | _a315 P. ; | ||
| 942 |
_2ddc _cBK |
||
| 999 |
_c588126 _d588126 |
||